Statistics and data analysis in geology
Thoroughly revised and updated, this new edition of the text that helped define the field continues to present important methods in the quantitative analysis of geologic data, while showing students how statistics and computing can be applied to commonly encountered problems in the earth sciences.
Gardado en:
| Autor Principal: | |
|---|---|
| Formato: | Libro |
| Idioma: | Undetermined |
| Publicado: |
New York
J. Wiley
2002
|
| Những chủ đề: | |
| Các nhãn: |
Engadir etiqueta
Sen Etiquetas, Sexa o primeiro en etiquetar este rexistro!
|
| Thư viện lưu trữ: | Trung tâm Học liệu Trường Đại học Cần Thơ |
|---|
| LEADER | 00839nam a2200205Ia 4500 | ||
|---|---|---|---|
| 001 | CTU_108611 | ||
| 008 | 210402s9999 xx 000 0 und d | ||
| 082 | |a 550.75 | ||
| 082 | |b D261 | ||
| 100 | |a Davis, John C. | ||
| 245 | 0 | |a Statistics and data analysis in geology | |
| 245 | 0 | |c John C. Davis | |
| 260 | |a New York | ||
| 260 | |b J. Wiley | ||
| 260 | |c 2002 | ||
| 520 | |a Thoroughly revised and updated, this new edition of the text that helped define the field continues to present important methods in the quantitative analysis of geologic data, while showing students how statistics and computing can be applied to commonly encountered problems in the earth sciences. | ||
| 650 | |a Geology,Geology | ||
| 650 | |x Data processing,Statistical methods | ||
| 904 | |i M.Loan | ||
| 980 | |a Trung tâm Học liệu Trường Đại học Cần Thơ | ||